[Event "Imperia Corallo op-B 2nd"]
[Site "Imperia"]
[Date "2007.11.17"]
[Round "2"]
[White "Saroldi, Andrea"]
[Black "Schieppati, Fulvio"]
[Result "0-1"]
[WhiteElo "1440"]
[BlackElo "1423"]
[PlyCount "32"]
[EventDate "2007.11.16"]
[EventType "swiss"]
[EventRounds "5"]
[EventCountry "ITA"]
[SourceTitle "EXT 2010"]
[Source "ChessBase"]
[SourceDate "2010.11.25"]
[SourceVersion "1"]
[SourceVersionDate "2010.11.25"]
[SourceQuality "1"]

1. d4 d5 2. Bf4 Nf6 3. Nc3 e6 4. Nf3 h6 5. e3 Nh5 6. g3 Nxf4 7. gxf4 Nd7 8. Nd2 Nf6 9. f3 Qd6 10. Bd3 Bd7 11. Ne2 c5 12. dxc5 Qxc5 13. e4 Be7 14. Nb3 Qe3 15. Nd2 Nxe4 16. fxe4 Bh4+ 0-1